| 000 | 00416cam a2200169 a 4500 | ||
|---|---|---|---|
| 020 | _a2130371345 : | ||
| 040 | _cDLC | ||
| 082 | 0 | 0 | _a301 PUF 1981 A065 Or. |
| 100 | 1 | _aAron, Raymond, | |
| 245 | 1 | 3 | _aLa sociologie allemande contemporaine / |
| 250 | _a4e éd. mise à jour. | ||
| 260 |
_aParis : _bPUF, _c1981. |
||
| 300 |
_axviii, 147 p. ; _c19 cm. |
||
| 490 | 1 | _aQuadrige ; | |
| 650 | 0 | _aSociology | |
| 942 | _cFB | ||
| 999 |
_c14197 _d14197 |
||